Globalizing Surveillance: comparative and Sociological Perspectives /
Si la vigilancia fue alguna vez concebida como primordial para el dominio del Estado Nación, o de organizaciones tales como firmas dentro del estado - nació, en el siglo XXI esta debe ser considerada en un contexto más amplio. La vigilancia tiene que ver con el control racionalizado de la informació...
Gardado en:
| Autor Principal: | |
|---|---|
| Formato: | Texto |
| Materias: | |
| Etiquetas: |
Engadir etiqueta
Sen Etiquetas, Sexa o primeiro en etiquetar este rexistro!
|
MARC
| LEADER | 00000 a a2200000 04500 | ||
|---|---|---|---|
| 001 | 8811 | ||
| 003 | |||
| 040 | |||
| 100 | |a Lyon, David | ||
| 245 | |a Globalizing Surveillance: |b comparative and Sociological Perspectives / |c David Lyon | ||
| 520 | |a Si la vigilancia fue alguna vez concebida como primordial para el dominio del Estado Nación, o de organizaciones tales como firmas dentro del estado - nació, en el siglo XXI esta debe ser considerada en un contexto más amplio. La vigilancia tiene que ver con el control racionalizado de la información a través de organizaciones modernas, y envuelve un particular proceso personal de datos para propósitos de influencia, manejo o control. El artículo se orienta hacia el entendimiento comparativo de varios modos de vigilancia que ayudan a comprender uno de los aspectos claves del mundo de hoy y también a ver respuestas políticas y legales a estas cuestiones en perspectiva | ||
| 650 | |a SOCIOLOGIA | ||
| 650 | |a TEORIA | ||
| 650 | |a CONTROL SOCIAL | ||
| 650 | |a GLOBALIZACION | ||
| 650 | |a RIESGO | ||
| 773 | |g volumen 19, número 2; páginas 135-149 | ||
| 999 | |c 26724 |d 26724 | ||
